[Event "ROU-ch Men 2018"]
[Site "Olanesti"]
[Date "2018.05.15"]
[Round "2"]
[White "Berechet, Stefan-Mario"]
[Black "Sava, Bogdan"]
[Result "1-0"]
[WhiteElo "1879"]
[BlackElo "2099"]
[Annotator "NA"]
[PlyCount "101"]
[EventDate "2018.??.??"]
[EventType "swiss"]
[EventCountry "ROU"]
[SourceTitle "playchess.com"]
[Source "ChessBase"]
[SourceQuality "1"]
[TimeControl "40/5400+30:1800+30"]

1. c4 {[%emt 0:00:00]} Nf6 {[%emt 0:02:52]} 2. Nf3 {[%emt 0:00:00]} c5 {[%emt 0:00:59]} 3. Nc3 {[%emt 0:00:00]} Nc6 {[%emt 0:00:33]} 4. a3 {[%emt 0:00:05]} g6 {[%emt 0:03:31]} 5. Rb1 {[%emt 0:00:05]} a5 {[%emt 0:04:48]} 6. g3 {[%emt 0:00:20]} Bg7 {[%emt 0:00:13]} 7. Bg2 {[%emt 0:00:49]} O-O {[%emt 0:00:21]} 8. O-O {[%emt 0:00:04]} d6 {[%emt 0:00:51]} 9. d3 {[%emt 0:00:11]} Bd7 {[%emt 0:01:44]} 10. Bd2 {[%emt 0:02:46] LiveBook: 54 Games} Re8 {[%emt 0:05:14] A38: Symmetrical English vs ...g6: 4 Bg2 Bg7 5 Nf3 Nf6} (10... Qc8 11. Ne1 Bh3 12. Nc2 Bxg2 13. Kxg2 Qd7 14. b4 axb4 15. axb4 d5 16. cxd5 Nxb4 17. Nxb4 cxb4 18. Rxb4 Nxd5 19. Nxd5 Qxd5+ {0-1 (74) Duda,J (2724)-Bu,X (2725) Liaocheng 2018}) 11. h3 {[%emt 0:02:08]} Qc8 {[%emt 0:06:44]} 12. Kh2 {[%emt 0:00:30]} Ra6 $146 {[%emt 0:09:49]} ({Predecessor:} 12... Nd4 13. Nxd4 cxd4 14. Ne4 Nxe4 15. dxe4 {0-1 (37) Marino,F-Dieli,R (1943) Arco 2008}) 13. e4 {[%emt 0:04:07]} e5 {[%emt 0:07:05]} 14. Ne1 {[%emt 0:00:27]} Nh5 {[%emt 0:01:58]} 15. Nd5 {[%emt 0:01:34]} Ne7 {[%emt 0:05:24]} 16. Nxe7+ {[%emt 0:03:51]} Rxe7 {[%emt 0:00:23]} 17. Qe2 {[%emt 0:08:34]} Ra8 {[%emt 0:01:32]} 18. Nc2 {[%emt 0:00:33]} Re8 {[%emt 0:03:52]} 19. Ne3 {[%emt 0:00:11]} Be6 {[%emt 0:02:29]} 20. Rfc1 {[%emt 0:02:56]} Qd7 {[%emt 0:03:42]} 21. b4 {[%emt 0:02:29]} cxb4 {[%emt 0:03:08]} 22. axb4 {[%emt 0:00:08]} a4 {[%emt 0:00:38]} 23. b5 {[%emt 0:02:12]} Nf6 {[%emt 0:10:14]} 24. Ra1 {[%emt 0:01:31]} Ra7 {[%emt 0:06:07]} 25. Ra3 {[%emt 0:00:42]} Rea8 {[%emt 0:00:50]} 26. Rca1 {[%emt 0:00:18]} Ne8 {[%emt 0:02:56]} 27. Nd1 {[%emt 0:01:01]} f5 {[%emt 0:00:55]} 28. f3 {[%emt 0:01:30]} h5 $2 {[%emt 0:04:17]} (28... f4 $16) 29. Nc3 {[%emt 0:00:17]} f4 {[%emt 0:01:24]} 30. g4 {[%emt 0:01:06]} hxg4 {[%emt 0:03:25]} 31. fxg4 {[%emt 0:00:09]} Nf6 {[%emt 0:00:32]} 32. Rxa4 {[%emt 0:03:17]} (32. g5 $142) 32... Rxa4 {[%emt 0:00:50]} 33. Rxa4 {[%emt 0:00:09]} Rf8 {[%emt 0:00:28]} 34. Bf3 {[%emt 0:00:20]} (34. g5 $16) 34... Kf7 {[%emt 0:00:33]} 35. Nd5 {[%emt 0:03:07]} Rh8 {[%emt 0:02:14]} 36. Nxf6 {[%emt 0:01:19]} Bxf6 {[%emt 0:00:03]} 37. Kg2 {[%emt 0:00:45]} Qc7 {[%emt 0:01:36]} 38. Bb4 {[%emt 0:11:22]} g5 {[%emt 0:02:22]} 39. Ra1 {[%emt 0:00:15]} Kg6 {[%emt 0:00:18]} 40. Qf2 {[%emt 0:00:00]} Qh7 {[%emt 0:02:22]} 41. Rh1 {[%emt 0:01:23]} Qc7 {[%emt 0:01:19]} 42. Qa7 {[%emt 0:01:30]} Bd8 {[%emt 0:09:07]} 43. Qa3 $14 {[%emt 0:23:31]} Be7 {[%emt 0:00:46]} 44. Qa5 {[%emt 0:00:52]} Qxa5 {[%emt 0:17:07]} 45. Bxa5 {[%emt 0:00:09]} Ra8 {[%emt 0:00:32]} 46. Ra1 {[%emt 0:00:51]} Bd8 {[%emt 0:01:16]} 47. Bc3 {[%emt 0:00:08]} Rxa1 {[%emt 0:00:50]} 48. Bxa1 {[%emt 0:00:01]} Bb6 {[%emt 0:00:35]} 49. Kf1 {[%emt 0:00:19]} Bd4 {[%emt 0:01:27]} 50. Bxd4 {[%emt 0:00:21]} exd4 {[%emt 0:00:02]} 51. e5 {[%emt 0:02:44]} 1-0

[Event "ROU-ch Men 2018"]
[Site "Olanesti"]
[Date "2018.05.15"]
[Round "2"]
[White "Dinca, Ovidiu"]
[Black "Szabo, Gergely-Andras-Gyul"]
[Result "0-1"]
[WhiteElo "1863"]
[BlackElo "2541"]
[Annotator "TA"]
[PlyCount "106"]
[EventDate "2018.??.??"]
[EventType "swiss"]
[EventCountry "ROU"]
[SourceTitle "playchess.com"]
[Source "ChessBase"]
[SourceQuality "1"]

{[%evp 16,106,-15,-27,-10,-11,-9,-24,-23,-22,-16,-10,-8,-15,-8,-20,-16,-18,-12,-3,-16,-51,-41,-44,-46,-58,-49,-112,-25,-37,-2,0,-3,-38,-35,-38,-30,-28,-31,-50,-49,-51,-53,-56,-34,-60,-38,-40,-51,-50,-51,-65,-48,-47,-37,-46,-43,-57,-58,-47,-54,-52,-28,-28,-28,-33,-46,-30,-36,-55,-54,-107,-60,-66,-56,-62,-63,-639,-638,-617,-600,-639,-631,-617,-608,-11714,-11714,-5895,-5616,-5106,-4133,-4133,-943]} 1. d4 e6 2. Nf3 c5 3. c3 Nf6 4. Bf4 cxd4 5. cxd4 Qb6 6. Qb3 {A46: 1 d4 Nf6 2 Nf3 e6: Torre, London and Colle Systems} (6. Qc2 Nc6 7. e3 Nb4 8. Qc1 Nbd5 9. Bg3 Ne4 10. Bd3 Nxg3 11. hxg3 Nb4 12. Be2 d6 13. Nc3 Bd7 14. a3 {½-½ (35) Ravi,T (2384)-Malakhatko,V (2507) Mumbai 2016}) 6... Qxb3 7. axb3 Nc6 8. Nc3 Bb4 9. Bd2 {LiveBook: 9 Games} d6 10. e3 O-O $146 ({Predecessor:} 10... Bd7 11. Ra4 Ke7 12. Bb5 a5 13. Ke2 g5 {1-0 (45) Hokkanen,P (2276)-Koykka,P (2304) Finland 2015}) 11. Be2 e5 12. dxe5 dxe5 13. Bb5 Bd7 14. O-O Bd6 15. Ng5 a6 $36 {[%mdl 2048] Black has some pressure.} 16. Nge4 {aiming for Bxc6.} Bb4 17. Nxf6+ gxf6 18. Be2 Be6 19. Bc4 Rfd8 20. Rfd1 f5 21. Be1 {[#]} (21. Kf1 $15) 21... Kg7 (21... Na5 $1 $17 22. Na4 Bxe1 23. Rxe1 Nxb3 24. Bxb3 Bxb3) 22. Kf1 Na5 23. Bxe6 fxe6 24. Rxd8 Rxd8 25. Ra4 Nc6 26. Ke2 Kf7 27. Ra1 e4 28. f3 exf3+ 29. gxf3 Bd6 30. Bg3 f4 31. Bf2 fxe3 32. Bxe3 Be5 33. f4 Bc7 34. Ne4 Nd4+ 35. Kf2 Nxb3 36. Ng5+ Ke7 37. Ra3 Nd4 38. Nxh7 Nf5 39. Bc5+ Bd6 40. Bxd6+ Rxd6 $11 {[%mdl 4096] Endgame KRN-KRN} 41. Rb3 $1 {[%cal Rb3b7]} b5 42. Ng5 Rd2+ 43. Kg1 ({White should try} 43. Ke1 $15 Rxh2 44. Ra3) 43... Nd4 44. Ra3 Rxb2 {Threatens to win with ...Rc2.} 45. Rxa6 b4 {Hoping for ...b3.} 46. Ne4 $2 {[%mdl 8192]} (46. h4 $15) 46... b3 $19 {Black is clearly winning.} 47. Ra7+ Kd8 48. Rb7 Rc2 49. Nf2 b2 50. Nd1 Nf3+ 51. Kf1 Nxh2+ 52. Ke1 Nf3+ 53. Kf1 {[#]} b1=Q $1 {[%mdl 512] Precision: White = 58%, Black = 49%.} 0-1

[Event "ROU-ch Men 2018"]
[Site "Olanesti"]
[Date "2018.05.15"]
[Round "2"]
[White "Stan, Andrei-Mihaita"]
[Black "Raducanu, Andrei-Augustin"]
[Result "1-0"]
[WhiteElo "1860"]
[BlackElo "2063"]
[Annotator "NA RC"]
[PlyCount "99"]
[EventDate "2018.??.??"]
[EventType "swiss"]
[EventCountry "ROU"]
[SourceTitle "playchess.com"]
[Source "ChessBase"]
[SourceQuality "1"]
[TimeControl "40/5400+30:1800+30"]

{[%evp 13,98,50,32767,32767,33,67,32767,32767,32767,32767,35,16,24,10,21,21,20,32767,32767,32767,32767,32767,32767,32767,32767,32767,32767,32767,32767,32,37,63,61,40,32767,77,120,79,32767,24,32767,32767,32767,0,32767,0,0,0,0,-64,32767,-64,32767,-18,32767,32767,32767,32767,-25,-45,-28,-3,-14,32767,-1,-2,32767,0,32767,462,32767,1577,32767,32767,32767,32767,1132,2533,32767,2683,1401,2601,1958,29986,32767,32767,29990]} 1. d4 {[%emt 0:00:00]} Nf6 {[%emt 0:00:07]} 2. c4 {[%emt 0:00:00]} g6 {[%emt 0:00:12]} 3. Nc3 {[%emt 0:00:00]} Bg7 {[%emt 0:00:04]} 4. e4 {[%emt 0:00:07]} d6 {[%emt 0:00:05]} 5. f3 {[%emt 0:00:05]} O-O {[%emt 0:00:10]} 6. Be3 {[%emt 0:00:06]} e5 {[%emt 0:00:07]} 7. d5 {[%emt 0:00:47]} Nh5 {[%emt 0:02:05]} 8. Qd2 {[%emt 0:03:03]} f5 {[%emt 0:00:38] LiveBook: 208 Games} 9. O-O-O {[%emt 0:02:58]} f4 {[%emt 0:03:28]} 10. Bf2 {[%emt 0:00:08]} Bf6 {[%emt 0:04:10]} 11. Bd3 {[%emt 0:13:22] E87: King's Indian: Sämisch: 6...e5 7 d5} (11. Qe1 Nd7 12. Kb1 Be7 13. g3 c5 14. dxc6 bxc6 15. c5 dxc5 16. Na4 Qc7 17. Qc3 Rb8 18. Bh3 Nb6 19. Nxc5 {½-½ (36) Giri,A (2720)-Carlsen,M (2861) Wijk aan Zee 2013}) 11... Bh4 {[%emt 0:07:27]} 12. Qe1 {[%emt 0:06:36]} Bxf2 {[%emt 0:02:18]} 13. Qxf2 {[%emt 0:00:07]} Nd7 $146 {[%emt 0:00:35]} ({Predecessor:} 13... Na6 14. Bc2 Ng7 15. Kb1 c5 16. Nge2 Nc7 17. g3 Nh5 18. gxf4 Nxf4 19. Nxf4 Rxf4 {1-0 (50) Hesham,A (2200)-Hassan,S (2376) Cairo 2010}) 14. Nge2 {[%emt 0:02:43]} Nc5 {[%emt 0:00:52]} 15. Bc2 {[%emt 0:09:47]} a6 {[%emt 0:00:19]} 16. b4 {[%emt 0:03:46]} Nd7 {[%emt 0:00:05]} 17. Bb3 {[%emt 0:06:15]} a5 {[%emt 0:23:00]} 18. a3 {[%emt 0:01:35]} axb4 {[%emt 0:03:34]} 19. axb4 {[%emt 0:00:13]} Nb8 {[%emt 0:03:53]} 20. Kb2 {[%emt 0:01:06]} Na6 {[%emt 0:00:17]} 21. Na2 {[%emt 0:07:08]} Kh8 {[%emt 0:16:35]} 22. Nec1 {[%emt 0:01:56]} Bd7 {[%emt 0:01:10]} 23. Nd3 {[%emt 0:05:58]} Qe7 {[%emt 0:01:49]} 24. b5 {[%emt 0:02:01]} Nb8 {[%emt 0:05:10]} 25. Nc3 {[%emt 0:01:36]} Bc8 {[%emt 0:03:34]} 26. c5 {[%emt 0:13:12]} ({White should play} 26. Ra1 $16 Rxa1 27. Rxa1) 26... Nd7 {[%emt 0:06:16]} 27. c6 {[%emt 0:00:24]} bxc6 {[%emt 0:01:57]} 28. dxc6 {[%emt 0:01:42]} Nb6 {[%emt 0:00:09]} 29. Nb4 {[%emt 0:05:02]} Nf6 {[%emt 0:00:57]} 30. Qd2 {[%emt 0:08:21]} Be6 {[%emt 0:01:58]} 31. Nbd5 {[%emt 0:00:36]} ({White should try} 31. Ra1 $1 $11) 31... Bxd5 {[%emt 0:05:43]} 32. exd5 {[%emt 0:00:15]} Ra5 {[%emt 0:00:38]} 33. Ra1 {[%emt 0:00:25]} Rfa8 {[%emt 0:00:10]} 34. Rxa5 {[%emt 0:01:58]} Rxa5 {[%emt 0:00:01]} 35. Re1 {[%emt 0:00:16]} Qg7 {[%emt 0:04:13]} 36. g3 {[%emt 0:01:16]} Nh5 {[%emt 0:00:48]} 37. g4 {[%emt 0:01:36]} Nf6 {[%emt 0:00:08]} 38. Qd3 {[%emt 0:00:33]} Qf8 {[%emt 0:00:57]} 39. h4 {[%emt 0:00:58]} Qc8 {[%emt 0:01:50]} 40. h5 {[%emt 0:00:00]} gxh5 {[%emt 0:01:01]} 41. g5 {[%emt 0:01:32]} Ne8 {[%emt 0:02:31]} 42. Bc2 {[%emt 0:00:22]} Nc4+ {[%emt 0:11:22]} 43. Qxc4 {[%emt 0:00:08]} Ng7 {[%emt 0:00:48]} 44. Qe4 {[%emt 0:01:48]} Qg8 {[%emt 0:00:35]} 45. Rh1 {[%emt 0:03:18]} Ra8 {[%emt 0:00:31] [#]} 46. b6 $1 {[%emt 0:04:04]} cxb6 {[%emt 0:00:25]} 47. c7 {[%emt 0:00:11]} b5 {[%emt 0:01:15]} 48. Nxb5 {[%emt 0:00:25]} Rc8 {[%emt 0:00:24]} 49. Bd3 {[%emt 0:00:35]} Rf8 {[%emt 0:00:42]} 50. Nxd6 {[%emt 0:00:26]} 1-0

[Event "ROU-ch Men 2018"]
[Site "Olanesti"]
[Date "2018.05.16"]
[Round "3"]
[White "Deac, Bogdan-Daniel"]
[Black "Gavrilescu, David"]
[Result "1-0"]
[WhiteElo "2575"]
[BlackElo "2442"]
[Annotator "TA"]
[PlyCount "95"]
[EventDate "2018.??.??"]
[EventType "swiss"]
[EventCountry "ROU"]
[SourceTitle "playchess.com"]
[Source "ChessBase"]
[SourceQuality "1"]

{[%evp 15,95,8,15,14,13,-10,22,22,19,26,115,121,119,72,99,68,55,61,69,64,80,84,127,127,127,127,126,113,132,81,89,84,118,113,106,99,124,115,128,119,119,83,78,83,99,87,104,88,88,112,188,165,228,225,208,221,212,212,206,118,152,119,383,372,582,582,585,581,543,486,1676,1256,2451,2535,12839,12839,12839,12839,12845,12845,12845,12846]} 1. d4 Nf6 2. c4 e6 3. Nc3 Bb4 4. Qc2 d5 5. cxd5 Qxd5 6. Nf3 Qf5 7. Qb3 Nc6 {E34: Nimzo-Indian: Classical: 4...d5} 8. Bd2 a5 {LiveBook: 7 Games} 9. a3 a4 {The position is equal.} 10. Qc4 $146 ({Predecessor:} 10. Qd1 Bd6 11. h3 e5 12. e4 Qh5 13. d5 Nd4 14. Be2 Nxe2 15. Qxe2 {½-½ (54) Vitiugov,N (2707)-Riazantsev,A (2674) Poikovsky 2010}) 10... Bxc3 11. Bxc3 O-O 12. e3 e5 (12... Bd7 $11) 13. dxe5 $16 Be6 14. Qf4 Ne4 15. Bd3 (15. Qxf5 {looks sharper.} Bxf5 16. Bd4 Na5 17. Nh4 Be6 18. Bd3) 15... Qxf4 16. exf4 Nxc3 17. bxc3 Bd5 18. O-O-O $36 {[%mdl 2048] White is really pushing.} Ra5 {[#]} 19. Ng5 $1 h6 20. Ne4 Rd8 21. h4 Raa8 22. f3 ({Better is} 22. c4 Be6 23. Nc5) 22... Na5 23. Nd2 Be6 24. Bc2 b5 25. f5 Bc4 26. Rhe1 Kf8 27. f4 Bd3 28. Re3 Bxc2 29. Kxc2 Rd5 30. Rd3 Rxd3 31. Kxd3 {[%mdl 4096] Endgame KRN-KRN} Rd8+ 32. Kc2 Ke7 (32... f6 $16 {keeps fighting.} 33. Re1 h5) 33. Rb1 Rd5 (33... c6 {was called for.} 34. g4 g6) 34. h5 $18 f6 35. exf6+ gxf6 36. g4 Kf7 37. Re1 (37. Rb4 $18) 37... Rd6 38. Re4 Rd5 $2 {[%mdl 8192]} (38... c5 $16 39. Re2 Rb6) 39. Re6 Rd6 (39... Rc5 {was worth a try.} 40. Ra6 Nc6) 40. Rxd6 {White is clearly winning.} cxd6 {KN-KN} 41. Kd3 Ke7 42. Kd4 Kf7 (42... Nc6+ $142 43. Kd5 Kd7) 43. Kd5 Ke7 {[#]} 44. g5 $1 {[%mdl 512]} fxg5 45. fxg5 hxg5 46. h6 {h7 would kill now.} Kf8 47. f6 {Intending h7 and mate.} Kg8 48. Ne4 {Precision: White = 90%, Black = 36%.} 1-0

[Event "ROU-ch Men 2018"]
[Site "Olanesti"]
[Date "2018.05.16"]
[Round "3"]
[White "Szabo, Gergely-Andras-Gyul"]
[Black "Posedaru, Bogdan"]
[Result "1-0"]
[WhiteElo "2541"]
[BlackElo "2307"]
[Annotator "TA"]
[PlyCount "63"]
[EventDate "2018.??.??"]
[EventType "swiss"]
[EventCountry "ROU"]
[SourceTitle "playchess.com"]
[Source "ChessBase"]
[SourceQuality "1"]

{[%evp 13,63,0,0,-13,11,-9,0,0,85,91,85,88,96,76,118,120,177,126,122,126,132,128,119,114,111,101,123,52,-64,64,53,6,9,8,17,0,0,0,17,11,359,359,347,348,5281,5281,29996,29997,29997,29998,29998,29999]} 1. d4 d5 2. c4 e6 3. Nc3 c6 4. e4 Bb4 5. e5 c5 6. a3 {D31: Queen's Gambit Declined: Semi-Slav without ...Nf6 (+ Marshall Gambit and Noteboom) and Exchange Variation lines without ...Nf6} Bxc3+ 7. bxc3 Ne7 {LiveBook: 26 Games} 8. Qg4 {The position is equal.} (8. Nf3 Nbc6 9. Bd3 b6 10. cxd5 Qxd5 11. O-O cxd4 12. cxd4 Bb7 13. Re1 Nxd4 {0-1 (52) Korobov,A (2652)-Ivanchuk,V (2726) Huaian 2017}) 8... Nf5 9. Bd3 {Hoping for Bxf5.} h5 10. Qf3 $146 {Strongly threatening Bxf5.} ({Predecessor:} 10. Qf4 Nc6 11. Nf3 dxc4 12. Bxf5 exf5 13. O-O Be6 14. dxc5 {1-0 (31) McPhillips,K-May,F (2153) Port Erin 2003}) 10... cxd4 (10... dxc4 $11 {keeps the balance.} 11. Bxf5 (11. Bxc4 Nc6 $15) 11... exf5) 11. Bxf5 $1 $16 exf5 12. cxd5 dxc3 13. Nh3 Nd7 {[#]} 14. Qg3 $1 {[%cal Rg3g7][%mdl 1024] White has strong compensation.} Qe7 {[#]} (14... Nf8 $16) 15. O-O $1 $18 O-O (15... Qxe5 16. Bf4 $18) (15... Nxe5 $2 16. Qxg7 Rf8 17. a4 $18) 16. Re1 ({Reject} 16. Qxc3 $6 Qxe5 17. Bb2 Qxc3 $11) 16... Re8 {[%cal Rd7e5]} 17. Bg5 f6 18. d6 Qf7 19. exf6 Nxf6 20. Bxf6 ({White should play} 20. Rxe8+ $16 Nxe8 21. Qxc3) 20... Rxe1+ $14 21. Rxe1 {White threatens Re8+! and mate.} Qxf6 22. Re8+ Kf7 $1 $132 {[%cal Rf7e8][%mdl 2048] Black is fighting back} 23. Re7+ Kg8 $1 {aiming for ...Be6.} 24. Re8+ Kf7 $1 {[%cal Rf7e8]} 25. Re7+ Kg8 $1 {And now ...Be6 would win.} 26. Qg5 c2 $2 {[%mdl 8192]} (26... Qxg5 $11 27. Nxg5 g6) 27. Re8+ $18 Kf7 {( -> ...Qa1+)} 28. Qxh5+ g6 $2 (28... Qg6 29. Ng5+ Kf6 30. Rf8+ Ke5 31. Qe2+ (31. Qxg6 $2 {gets mated.} c1=Q#) 31... Kxd6 32. Qd2+ (32. Qxc2 Qxg5 33. Rf7 Qg6 $11) 32... Kc7) 29. Re7+ Kg8 30. Qh7+ {White mates.} Kf8 31. Qh6+ Kg8 32. Re8+ {Precision: White = 74%, Black = 51%.} 1-0

[Event "ROU-ch Men 2018"]
[Site "Olanesti"]
[Date "2018.05.16"]
[Round "3"]
[White "Georgescu, Tiberiu-Marian"]
[Black "Secheres, Adrian-Simion"]
[Result "1-0"]
[WhiteElo "2476"]
[BlackElo "2404"]
[Annotator "TA"]
[PlyCount "139"]
[EventDate "2018.??.??"]
[EventType "swiss"]
[EventCountry "ROU"]
[SourceTitle "playchess.com"]
[Source "ChessBase"]
[SourceQuality "1"]

{[%evp 18,139,0,0,23,21,39,46,49,25,49,38,47,20,37,17,39,24,24,24,24,24,25,22,27,27,27,27,32,27,27,29,38,31,30,32,162,43,36,17,17,17,17,17,33,17,36,17,92,45,34,31,33,0,0,0,0,0,0,0,0,0,0,0,0,0,8,24,64,8,8,8,8,8,8,8,27,19,33,8,117,85,137,73,277,274,259,218,374,366,452,467,543,545,596,604,596,592,6123,5616,29972,29976,29976,29976,29977,29980,29982,29983,29983,29984,29985,29986,29989,29987,29993,29986,29983,29983,29990,29991,29991,29992,29992,29993]} 1. Nf3 c5 2. c4 Nc6 3. Nc3 e5 {[%cal Be7e5,Be5e4][%mdl 32]} 4. e3 Nf6 5. d4 e4 6. d5 {A34: Symmetrical English: 2 Nc3, lines with ...d5} exf3 7. dxc6 dxc6 (7... fxg2 8. cxd7+ Bxd7 9. Bxg2 g6 10. b3 Bg7 11. Qd6 Qb6 12. Qxb6 axb6 13. Bb2 {½-½ (40) Carlsen,M (2843)-Vachier Lagrave,M (2789) Karlsruhe/Baden-Baden 2018}) 8. Qxd8+ Kxd8 9. gxf3 Kc7 10. b3 {LiveBook: 3 Games} Be6 11. Bb2 Rd8 $146 ({Predecessor:} 11... Be7 12. Bd3 Rhd8 13. Ke2 {0-1 (55) Melkumyan,H (2633)-Khusnutdinov,R (2458) Doha 2016}) 12. Rg1 Ne8 13. Ne2 Bd6 14. f4 Rg8 15. e4 Bc8 16. f5 f6 17. O-O-O Bxh2 18. Rxd8 Kxd8 19. Rh1 Be5 20. Rxh7 Bxb2+ 21. Kxb2 g6 22. fxg6 Rxg6 23. Kc3 Rg7 24. Rh8 Ke7 25. Ng3 Be6 26. Bh3 Nd6 (26... Rg8 $14 27. Rh4 Bxh3 28. Rxh3 Nd6) 27. Bxe6 (27. e5 $1 $18 {[%cal Re5f6] Threatens to win with exf6+.} fxe5 28. Bxe6 Kxe6 29. Rh6+ Ke7 30. Rxd6 $1 {[%mdl 512]} Rxg3+ 31. fxg3 Kxd6 32. Kd3) 27... Kxe6 $18 {[%mdl 4096] Endgame KRN-KRN} 28. Rh5 b6 29. Kd3 a5 30. a4 Rd7 31. Ke2 Rg7 32. Ke3 Kf7 (32... Rg8 $11) 33. Kf4 Ke6 $1 34. Rh8 Rb7 35. Rh6 Nf7 $1 {[%cal Rf7h6]} 36. Rh5 Ne5 37. Nf5 b5 38. cxb5 cxb5 39. axb5 Rxb5 40. Rh7 {[%csl Gf5][%cal Rh7e7]} Ng6+ 41. Kg4 Rxb3 42. f4 {aiming for Rg7.} Rb1 43. Ng7+ (43. Ne3 $14 Rg1+ 44. Kf3) 43... Kd6 $11 44. Kf5 Rg1 45. Ne8+ Kc6 46. Nxf6 {Strongly threatening Nd5.} a4 47. Ra7 Kb5 48. Nd5 Rg3 (48... Nh4+ $11 49. Kf6 Rg6+ 50. Kf7 c4) 49. e5 $16 {And now e6 would win.} Kc4 {[#]} 50. Nb6+ (50. Ke4 $142 $1 a3 51. e6) 50... Kb4 $2 (50... Kb5 $16 {was necessary.}) 51. Nxa4 $18 Nh4+ 52. Ke4 Rg1 $2 {[#]} (52... Rg2 53. Nb6 c4 54. Nd5+ Kc5 55. Ra5+ Kc6) 53. Nb2 $1 c4 54. Rc7 Re1+ 55. Kd5 Ng2 56. Rxc4+ Kb3 57. Re4 Rf1 58. e6 Nxf4+ {[#]} 59. Rxf4 $1 {[%mdl 512] White mates.} Rxf4 60. e7 Kxb2 61. e8=Q {KQ-KR} Rb4 62. Kc5 Rb3 63. Qe5+ Kb1 64. Kc4 Ka2 65. Qa5+ Kb2 66. Qe1 Ka2 67. Qe5 Rb2 68. Kc3 Ka1 69. Qd4 Ka2 70. Qd1 {Precision: White = 60%, Black = 32%.} 1-0

[Event "ROU-ch Men 2018"]
[Site "Olanesti"]
[Date "2018.05.16"]
[Round "3"]
[White "Anton, Teodor"]
[Black "Istratescu, Andrei"]
[Result "1/2-1/2"]
[WhiteElo "2426"]
[BlackElo "2589"]
[Annotator "TA"]
[PlyCount "44"]
[EventDate "2018.??.??"]
[EventType "swiss"]
[EventCountry "ROU"]
[SourceTitle "playchess.com"]
[Source "ChessBase"]
[SourceQuality "1"]

{[%evp 27,44,16,8,-12,0,0,0,0,9,3,7,16,11,0,0,0,0,0,0]} 1. Nf3 Nf6 2. c4 e6 3. g3 d5 4. Bg2 Be7 5. O-O O-O 6. d4 c6 7. Nbd2 b6 8. Qc2 Bb7 9. b3 Nbd7 10. Bb2 Rc8 11. e4 c5 12. exd5 exd5 13. dxc5 Bxc5 {E09: Closed Catalan: Main Line: 7 Qc2 c6 8 Nbd2} 14. Rad1 Qc7 {LiveBook: 3 Games. The position is equal.} 15. Qb1 $146 ({Predecessor:} 15. Qf5 Rfe8 16. Nd4 Qe5 17. Qxe5 Nxe5 18. Nf5 Ba6 19. Rfe1 Bxf2+ 20. Kxf2 Nd3+ {0-1 (68) Lagunow,A (2405)-Bezold,M (2475) Binz 1994}) 15... Rfe8 16. Nd4 Rcd8 (16... dxc4 {seems wilder.} 17. Nb5 Qb8 18. Bxb7 Qxb7 19. Nxc4 Ne4) 17. cxd5 Bxd4 18. Bxd4 {And now Rc1 would win.} Bxd5 19. Bxd5 Nxd5 20. Nf3 {next Bxg7! is good for White.} Nf8 21. Qf5 Nc3 22. Bxc3 Qxc3 1/2-1/2

[Event "ROU-ch Men 2018"]
[Site "Olanesti"]
[Date "2018.05.16"]
[Round "3"]
[White "Manea, Alexandru"]
[Black "Marin, Mihail"]
[Result "0-1"]
[WhiteElo "2402"]
[BlackElo "2543"]
[Annotator "TA"]
[PlyCount "114"]
[EventDate "2018.??.??"]
[EventType "swiss"]
[EventCountry "ROU"]
[SourceTitle "playchess.com"]
[Source "ChessBase"]
[SourceQuality "1"]

{[%evp 23,114,-24,-24,-24,-24,-27,-23,-24,-22,-27,-24,-73,-29,-64,-23,-40,-40,-62,-42,-118,-120,-131,-35,-74,-56,-149,-149,-156,-156,-149,-125,-175,-173,-199,-109,-121,-116,-110,-125,-96,-69,-84,-81,-219,-107,-79,-44,-58,-16,-18,-15,-92,-68,-94,-95,-102,-35,-91,0,0,0,0,0,0,0,0,0,0,0,0,0,0,0,0,4,-61,-61,-61,-72,-70,-61,-61,-64,-677,-272,-268,-256,-1075,-110,-29965,-29962,-29981,-29978]} 1. e4 e6 2. d4 d5 3. e5 c5 4. c3 Nc6 5. Nf3 Qb6 6. a3 c4 7. g3 Bd7 8. Nbd2 Na5 9. Bg2 h6 10. O-O Ne7 11. Re1 {C02: French: Advance Variation} Qc7 12. Rb1 Nc8 {[%cal Be7c8,Bc8b6,Bb6d7][%mdl 32] LiveBook: 6 Games} 13. h4 {Black has an edge.} (13. Nf1 Bb5 14. Bf4 Be7 15. h4 Nb6 16. Ne3 O-O-O 17. h5 Rdg8 18. Bh3 Be8 {1-0 (54) Motylev,A (2686)-Savchenko,B (2608) Moscow 2014}) 13... Nb6 14. Qe2 Ba4 15. Nf1 O-O-O 16. g4 $146 ({Predecessor:} 16. N1h2 Be7 17. Bf4 Rdg8 18. Kh1 Kb8 {½-½ (36) Hughes,S (2287)-Maatman,N ICCF email 2012}) 16... Be7 17. Ng3 Nd7 18. Bh3 g6 19. Kg2 Rdg8 20. Rg1 Qd8 21. h5 (21. g5 $15) 21... g5 $17 22. Nh2 f6 (22... Nb3 $1 $17 23. Be3 f6 24. exf6 Bd6) 23. f4 gxf4 24. Bxf4 (24. exf6 $1 $15 Bd6 25. Qxe6 fxg3 26. Qxd6 gxh2 27. Kxh2 Qxf6 28. Qxf6 Nxf6 29. g5+ Nd7 30. g6) 24... fxe5 $1 25. Bxe5 Nxe5 26. Qxe5 Bd7 $1 27. Rbf1 Nc6 $36 {[%mdl 2048] Black is really pushing.} 28. Qf4 Rf8 (28... Qb6 $19 29. Qd2 e5 30. dxe5 Bc5) 29. Qe3 Bg5 30. Rxf8 Rxf8 31. Qe2 Qc7 32. Nf3 Bf4 33. Nf1 (33. Qf2 $17) 33... Rg8 (33... e5 $19 {is more deadly.} 34. dxe5 Nxe5 35. Nxe5 Re8) 34. Ne3 Qd6 {And now ...e5 would win.} 35. Kh1 e5 36. dxe5 Nxe5 37. Nd4 (37. Nf5 $11 {keeps the balance.} Bxf5 38. gxf5 Rxg1+ 39. Kxg1) 37... Kb8 38. Nef5 Qf6 $1 39. Qg2 {[#]} Rd8 (39... Bxf5 $1 $17 40. Nxf5 Rd8) 40. Rf1 {[#]} ({White should play} 40. Ne2 $1 $15 Bc6 41. Nfd4 (41. Nxf4 $2 d4 $19)) 40... Qg5 ({Better is} 40... Nd3 $1 $17) 41. Ne2 $1 $11 {[%cal Re2f4]} Bxf5 42. gxf5 Qxg2+ $1 43. Bxg2 Bg5 44. Nf4 Bxf4 $1 45. Rxf4 {[%mdl 4096] Endgame KRB-KRN} Nd3 46. Rd4 Nxb2 47. Bxd5 {White wants to play f6.} Rd6 48. Kg2 b5 49. Be4 ({White should try} 49. Be6 $11 Kc7 50. Rg4) 49... Kc7 $15 50. Bc2 $1 Rxd4 51. cxd4 {KB-KN} Kd6 {Threatens to win with ...a5.} 52. Kf3 a5 $1 {Hoping for ...b4.} 53. Be4 $2 {[%mdl 8192]} (53. f6 $15) 53... b4 (53... Na4 $142 54. Bb7 b4 55. axb4 axb4) 54. axb4 $19 axb4 55. Ke3 $2 (55. f6 b3 56. Ke2) 55... b3 $2 (55... Nd1+ $19 {has better winning chances.} 56. Kd2 Nc3) 56. d5 $2 {[%mdl 8192]} (56. Kd2 $17 Na4 57. Kc1) 56... c3 57. f6 Nc4+ {Precision: White = 33%, Black = 44%.} 0-1